000 00519nam a2200217Ia 4500
008 101110s9999 xx 000 0 und d
041 _aENGLISH
082 _bSR34225
100 _aShroff Arshad
245 _aClassical mechanics TYBSC
260 _c2010
_bSheth pub pvt ltd, Mumbai
300 _a236
365 _b100
520 _aPhysics
546 _aENGLISH
630 _aClassical mechanics TYBSC
650 _aPhysics
655 _aPhysics
730 _aClassical mechanics TYBSC
942 _cBOOK
999 _c826726
_d826723